| 000 | 03246cam a2200517 i 4500 | ||
|---|---|---|---|
| 001 | 22597676 | ||
| 003 | OSt | ||
| 005 | 20260313212841.0 | ||
| 008 | 220412s2021 mx a b 000 0 spa | ||
| 010 | _a 2022432063 | ||
| 020 |
_a9786073051828 _q(impreso : UNAM) |
||
| 020 |
_a6073051824 _q(impreso : UNAM) |
||
| 020 |
_a9788417975920 _q(impreso : Editiorial RM) |
||
| 020 |
_a8417975926 _q(impreso : Editiorial RM) |
||
| 035 | _a22597676 | ||
| 035 | _a(CVcHKB)hkb0000010962 | ||
| 040 |
_aDLC _beng _erda _cDLC _dDLC |
||
| 041 | 0 |
_aspa _aeng |
|
| 042 | _apcc | ||
| 050 | 0 | 0 |
_aN6559.C3735 _bA4 2021 |
| 082 | 0 | 0 |
_a709.2 _223/eng/20240409 |
| 100 | 1 |
_aCastillo Deball, Mariana, _eautora. |
|
| 240 | 1 | 0 |
_aWorks. _kSelections |
| 245 | 1 | 0 |
_aAmarantus / _cMariana Castillo Deball |
| 250 | _aPrimera edición. | ||
| 264 | 1 |
_aCiudad de Mexico : _bMUAC, Museo Universitario Arte Contemporáneo, UNAM : _bEditorial RM, _c2021. |
|
| 300 |
_a239 páginas : _bilustraciones a color ; _c24 cm. |
||
| 336 |
_atexto _btxt _2contenido RDA |
||
| 337 |
_asin medio _bn _2medio RDA |
||
| 338 |
_avolumeN _bnc _2soporte RDA |
||
| 490 | 0 |
_aFolio MUAC ; _v089 |
|
| 500 | _a"Publicado con motivo de la exposición Mariana Castillo Deball: amarantus. (16 de octubre de 2021 al 1 de mayo de 2022) MUAC, Museo Universitario Arte Contemporáneo. UNAM, Universidad Nacional Autónoma de México, Ciudad de México."--Colofón. | ||
| 504 | _aIncluye referencias bibliográficas. | ||
| 505 | 8 | _aPresentación = Prólogo / Heinz-Peter Tempe í -- Atrapar el azar = Capturando oportunidades / Catalina Lozano - - Vújá de: más allá de los libros = Vújá de: Beyond books / Mariana Castillo Deball -- Mbo Xtá rída: gente piel = Mbo Xtá rída: skin people / Hubert Matiúwaa -- El jardin del pintor = The pintor's garden / Tatiana Falc ón -- La doble vida del Códice Azoyú = La doble vida del códice Azoyú / Mariana Castillo Deball, Isadora Hastings -- Semblanza = Semblanza biográfica -- Catálogo = Catálogo. | |
| 520 | _aAmarantus es la primera retrospectiva en México de la obra de Mariana Castillo Deball (Ciudad de México, 1975, vive y trabaja en Alemania), quien, a lo largo de los últimos veinte años, ha creado un vasto corpus de trabajo en el espacio entre la ciencia, la narrativa, la ficción y las artes visuales, así como su relación con las formas en que la historia precolonial de México ha sido apropiada e investigada en diferentes momentos. | ||
| 546 | _aText in Spanish and English. | ||
| 600 | 1 | 0 |
_aCastillo Deball, Mariana, _d1975- _vExposiciones. |
| 600 | 1 | 0 |
_aCastillo Deball, Mariana, _d1975- _xCrítica e interpretación. |
| 650 | 0 |
_aArte, Moderno _ysiglo XXI _vExposiciones. |
|
| 655 | 7 |
_aCatálogos de exposiciones. _2lcgft _0https://id.loc.gov/authorities/genreForms/gf2014026098 |
|
| 710 | 2 |
_aUniversidad Nacional Autónoma de México. _bMuseo Universitario Arte Contemporáneo, _einstitución anfitriona. |
|
| 906 |
_a7 _bcbc _corigres _d2 _encip _f20 _gy-gencatlg |
||
| 942 |
_2ddc _c1 _n0 |
||
| 999 |
_c4602 _d4602 |
||